| 000 | 00777cam a22002533a 4500 | ||
|---|---|---|---|
| 001 | 32626 | ||
| 003 | PGUSA | ||
| 005 | 20140828083715.0 | ||
| 008 | 100531s2010||||xxu|||||s|||||000 | eng d | ||
| 040 |
_aPGUSA _beng |
||
| 042 | _adc | ||
| 050 | 4 | _aPR | |
| 100 | 1 |
_aMacpherson, Hector, _d1851-1924 |
|
| 245 | 1 | 0 |
_aThomas Carlyle : _bFamous Scots Series _h[electronic resource] / _cHector Macpherson |
| 260 |
_bProject Gutenberg, _c2010 |
||
| 506 | _aPublic domain in the USA. | ||
| 516 | _aElectronic text | ||
| 653 | _aCarlyle, Thomas, 1795-1881 | ||
| 653 | _aHistorians -- Great Britain -- Biography | ||
| 653 | _aAuthors, Scottish -- 19th century -- Biography | ||
| 830 | 0 |
_aProject Gutenberg _v32626 |
|
| 856 | 4 | 0 | _uhttp://www.gutenberg.org/ebooks/32626 |
| 942 | _cEB | ||
| 999 |
_c261881 _d261881 |
||